000
00300 a2200145 4500
003
Nust
005
20170207153450.0
040
_c
Nust
082
_a
891.4392
100
_a
Hijazi,Nasim
245
_a
Qasir-o-kisra
_c
Nasim Hijazi
260
_a
Lahore
_b
jahangheer Book
300
_a
735:p
650
_a
Novel
942
_2
ddc
_c
BK
999
_c
186830
_d
186830